Inovačná aktivita podnikov v Slovenskej republike 2012-2014
Gespeichert in:
| Format: | Buch |
|---|---|
| Sprache: | Slowakisch Englisch |
| Veröffentlicht: |
Bratislava
Štatistický úrad Slovenskej republiky
2016
|
| Schriftenreihe: | Podnikové štatistiky
|
| Schlagworte: | |
| Tags: |
Keine Tags, Fügen Sie das erste Tag hinzu!
|
MARC
| LEADER | 00000nlm$a2200000$$$4500 | ||
|---|---|---|---|
| 001 | 0242800 | ||
| 005 | 20240827082945.5 | ||
| 020 | |a 978-80-8121-521-6 | ||
| 041 | 0 | |a slo | |
| 041 | 0 | |a eng | |
| 044 | |a SK | ||
| 245 | 1 | 0 | |a Inovačná aktivita podnikov v Slovenskej republike 2012-2014 |
| 264 | 1 | |a Bratislava |b Štatistický úrad Slovenskej republiky |c 2016 | |
| 300 | |a 235 s. | ||
| 490 | 1 | |a Podnikové štatistiky | |
| 830 | 0 | |a Podnikové štatistiky | |
| 500 | |a Zdroj dokumentu: Štatistický úrad SR | ||
| 610 | 2 | 0 | |a inovácia |
| 610 | 2 | 0 | |a podnik |
| 610 | 2 | 0 | |a výdavky |
| 610 | 2 | 0 | |a pomoc finančná |
| 610 | 2 | 0 | |a sektor verejný |
| 610 | 2 | 0 | |a vlastníctvo duševné |
| 610 | 2 | 0 | |a inovácie environmentálne |
| 610 | 2 | 0 | |a financovanie |
| 610 | 2 | 0 | |a marketing |
| 610 | 2 | 0 | |a regióny |
| 610 | 2 | 0 | |a Slovensko |